| 000 | 00521cam a2200169Ia 4500 | ||
|---|---|---|---|
| 020 | _a0804821143 | ||
| 020 | _a9780804821148 | ||
| 040 | _cUOK | ||
| 082 | 0 | 4 | _a070 REP 1945 C150 Or. |
| 245 | 0 | 0 |
_aForeign correspondents in Japan : _breporting a half century of upheavals, from 1945 to the present / |
| 250 | _aFirst edition | ||
| 300 |
_axvi, 367 pages : _billustrations ; _c24 cm |
||
| 650 | 0 | _aForeign correspondents | |
| 700 | 1 | _aPomeroy, Charles | |
| 710 | 2 | _aForeign Correspondents Club of Japan | |
| 942 | _cAEDBB | ||
| 999 |
_c18672 _d18672 |
||